000
00266nam a2200085Ia 4500
245
0
_a
The state vs. Nelson Mandela : the trial that changed South Africa
100
_a
JOFFE, Joel Oxford, 2009
_9
70206
942
_c
BK
008
210817s9999 xx 000 0 und d
999
_c
300172
_d
300169